| 000 | 00817cam a2200181 i 4500 | ||
|---|---|---|---|
| 005 | 20260126115214.0 | ||
| 008 | 250721s2007 le gr 000 0 ara d | ||
| 082 | 1 | 4 |
_a364.16 _bش ل ا |
| 100 | 1 |
_aشلالا، نزيه نعيم _eمؤلف. |
|
| 245 | 1 | 0 |
_aدعوى التزوير وإستعمال المزور : _bدراسة مقارنة من خلال الفقه والاجتهاد والنصوص القانونية / _cالمحامي نزيه نعيم شلالا ؛ المقدمة بقلم : الرئيس/ القاضي جوزف قزي. |
| 264 | 3 | 1 |
_aبيروت : _bمنشورات الحلبي الحقوقية، _c2007. |
| 300 | _a451 صفحة. | ||
| 650 | 1 | 7 | _aالنصب و الاحتيال. |
| 650 | 1 | 7 | _aالمحاكم. |
| 653 | _aالتزوير | ||
| 942 |
_2ddc _cBK |
||
| 999 |
_c111134 _d111134 |
||